Statistiques concernant Villes du monde par indices

Cliquez ici pour prendre le quiz!

Statistiques générales

  • Ce quiz a été pris 258 fois
  • Le résultat moyen est 18 sur 20

Statistiques - réponses

Indice 1Indice 2Indice 3Indice 4Réponse% Correct
CalanquesVélodromeNotre Dame de la GardeTaxiMarseille
98%
Baron HaussmannSacré CœurParc des PrincesRatatouille (film)Paris
96%
CalifornieHollywoodLakersWalk of FameLos Angeles
95%
Citadelle de SaladinCairotesPyramidesNilLe Caire
93%
KremlinCoupe du monde 2018MKADCathédrale Saint-BasileMoscou
93%
MurReichstagOursPorte de BrandebourgBerlin
92%
Mont FujiPays du Soleil levantCerisierPokémonTokyo
92%
Grand port touristiqueSouth BeachFlorideHeatMiami
91%
Cité interditeJO 2008Temple du CielBeijingPékin
91%
LouveLatiumTibreFontaine de TreviRome
91%
CanauxXXXVan Gogh MuseumAjaxAmsterdam
90%
SoukJamel DebbouzeMédersa Ben YoussefDésertMarrakech
89%
Bande dessinéeChouxGaufresAtomiumBruxelles
87%
Palm IslandsDésertBurj KhalifaGolfe PersiqueDubaï
87%
BenficaTour de BélemPont Vasco da gamaEstuaire du TageLisbonne
85%
The BeatlesAnfieldMerseyEvertonLiverpool
81%
AlcatrazSilicon ValleyLevi’sGolden GateSan Francisco
81%
MontjuïcRamblasAntoni GaudíBlaugranasBarcelone
79%
BollywoodÉléphantaCricketMumbaiBombay
73%
StambouliotesBosphoreDeux continentsSainte SophieIstanbul
73%

Distribution des résultats

Percentile par nombre de réponses

% des personnes avec chaque résultat

Votre développement - résultats

Vous n’avez pas pris ce quiz